000 00248nam a22000977a 4500
008 230620b xxu||||| |||| 00| 0 eng d
082 _a307.1
_bUND
245 _aSaemaul 1985
_bA new dawn rises over Taechongbong peak
300 _a208p
942 _2ddc
_cBK
999 _c1490
_d1490